Statistics for Billie Eilish Songs

Click here to take the quiz!

General Stats

  • This quiz has been taken 673 times
    (95 since last reset)
  • The average score is 19 of 45

Answer Stats

Lyric Line Song % Correct
Your butt is mine I'm gonna tell you right Just show your face In broad daylightBad
87%
You really know how to make me cry when you give me thoseOcean Eyes
81%
Watch your back when you can't watch mineCOPYCAT
79%
Quiet when i'm coming home and i'm on my ownWhen The Party's Over
79%
My mommy likes to sing along with me But she won't sing this song If she reads all the lyrics She'll pity the men I knowBad Guy
74%
Gold teeth, my neck, my wrist is froze (So icy) I got more ice than, than the snow That guy, don't act like you don't know That guy, so critical (Skrrt)Bad Guy (Featuring Justin Bieber)
74%
I'm gonna run this nothing town, watch me make em bow one by one by oneYou Should See Me In A Crown
74%
Baby, I don't feel so good Six words you never understoodWish You Were Gay
73%
Then my limbs all froze and my eyes won't closeBury a Friend
69%
Maybe its in the gutter where I left my loverBellyache
67%
Tell the mirror what you know shes heard beforeIdontwannabeyouanymore
67%
And by that I mean he cuts them off (WHAT)My Boy
64%
Even if it takes all night or a hundred yearsLovely
64%
Maybe won't you take it back Say you were tryna make me laugh And nothing has to change todayI Love You
61%
Can't commit to anything but a crime Peter's on vacation An open invitationAll The Good Girls Go To Hell
59%
So i stepped off the golden Nobody cried Nobody even noticed I saw them standing right thereEverything I Wanted
59%
I never really know how to please you You're looking at me like I'm see through8
56%
Bring ashtrays to the table And that's about the only thing they share I'm in their second hand smoke Still just drinking canned cokeXanny
56%
Its not like me to be so mean You're all I wantedHostage
51%
If we were meant to be, we would have been by nowWatch
51%
Remember not to get too close to stars They're never gonna give you love like oursIlomilo
50%
Would Roses BloomSix Feet Under
50%
Take me to the rooftop I wanna see the world when I stop breathing, turning blueListen Before I Go
46%
All you wanna do is kiss me, Oh what a shame I'm not thereBitches Broken Hearts
43%
Please, Please, Don't leave me beGoodbye
41%
7-4-2008, I still remember that Heaven sent a present my way&burn
39%
Don't ask questions you don't wanna know Learned my lesson way too long agoMy Strange Addiction
39%
Fool me once, fool me twice Are you death or paradise?No Time To Die
37%
Hey - call me back when you get this Or when you've got a minute We really need to talkParty Favour
36%
Forget about it When you walk out the door and leave me torn You're teaching me to live without itBored
34%
And I know it makes you nervous, but I promise you its worth itCome out and Play
33%
I was a sailor on an open seaWhen I Was Older
31%
You used to call me on my cell phone Late night when you need my love Call me on my cell phoneHotline Bling
23%
Or stand here and spend them with me? If we had five more minutes Would I, could I Make you happy?The End Of The World
10%
I tried a little black and white but I'm so blueTrue Blue
10%
I'm not trying to say words anymore Cut me loose, cause you're to far awayLimbo
10%
In the end, when they're all gone When the world is silent and the days are longFingers Crossed
10%
We're both too young To live and die this way A sunny summer day With so much left to say6.18.18
9%
So picture perfect, it can't be real and all you feel is numb You see them talking but hear no sound to hit the groundShe's Broken
9%
Runnin' through emergency rooms Spinning wheels and ceiling fansYou Don't Get Me High Anymore
6%
You're saying that you miss me, oh well Never even got a kiss without a countdownAnother Stupid Song
4%
Use me, cause everyone else is What's the difference? When you're lookin' at my lips Not being legally allowed to kiss themUse Me
3%
i’ve got a man that doesn’t love me he’s got a girl that doesn’t love himBad Company
3%
I feel like Mulan I've seen my reflection I'm tryin' to move on I hear your objectionLyin' 2 Ya
1%
I swear I'd stop breathing If it would benefit you If that's all I had to doBecause I'm In Love With You
1%

Score Distribution

Percentile by Number Answered

Percent of People with Each Score

Your Score History

You have not taken this quiz since the last reset